Sauvages expérimentaux : Une histoire des fictions d’isolement enfantin (notice n° 2135444)
[ vue normale ]
| 000 -LEADER | |
|---|---|
| fixed length control field | 00886cam a2200133 4500500 |
| 005 - DATE AND TIME OF LATEST TRANSACTION | |
| control field | 20260405022910.0 |
| 041 ## - LANGUAGE CODE | |
| Language code of text/sound track or separate title | fre |
| 042 ## - AUTHENTICATION CODE | |
| Authentication code | dc |
| 100 10 - MAIN ENTRY--PERSONAL NAME | |
| Personal name | Durand, Béatrice |
| Relator term | author |
| 245 00 - TITLE STATEMENT | |
| Title | Sauvages expérimentaux : Une histoire des fictions d’isolement enfantin |
| 260 ## - PUBLICATION, DISTRIBUTION, ETC. | |
| Name of publisher, distributor, etc. | Hermann,<br/> |
| Date of publication, distribution, etc. | 2017.<br/> |
| 520 ## - SUMMARY, ETC. | |
| Summary, etc. | Une idée d’expérience hante la philosophie depuis l’Antiquité : isoler un ou plusieurs enfants dès leur naissance pour préserver leur nature. L’expérience permettrait, croit-on, de la distinguer des apports ultérieurs de la culture. Sur la tabula rasa ainsi reconstituée, elle permettrait aussi de comprendre ce que peut la nature humaine : comment s’élaborent le langage, les idées, la spiritualité, les sentiments, la moralité ? |
| 856 41 - ELECTRONIC LOCATION AND ACCESS | |
| Uniform Resource Identifier | <a href="https://shs.cairn.info/sauvages-experimentaux--9782705695118?lang=fr&redirect-ssocas=7080">https://shs.cairn.info/sauvages-experimentaux--9782705695118?lang=fr&redirect-ssocas=7080</a> |
Pas d'exemplaire disponible.




Réseaux sociaux